000 09656nkm0a2200805 4500
001 RU\NLR\BIBL_A\022643591
005 20251216173817.0
035 _a(NLR Aleph) 022643591
090 _a88912
_c88912
100 _a20251014d1862 u y0rusy50 ca
101 0 _arus
102 _aRU
116 _afiybxx xx zz
135 _acrcn 024anaba
181 0 _ab4
_bxb2e
182 0 _an
200 1 _a[Новгород
_iОткрытие памятника "Тысячелетию России" в Новгородском кремле 8 сентября 1862 г. в присутствии императора Александра II, императорской фамилии и свиты
_eфотография]
_fВ. Ильмар
203 _aИзображение
_bнеподвижное
_bдвухмерное
_bвизуальное
_cнепосредственное
210 _aНовгород
_d[1862]
215 _a1 л.
_d23,3х34,3
316 _aЭкз. РНБ на шифре Э ФТ63/4-Н726, Эф1499: на паспарту слева вверху сухой штемпель фотографа - источник сведений, справа внизу рукоп. запись чернилами: La сeremoniè à Novgorod l'année 1862 le 8 Septembre. На паспарту 29,7х38,6 см
_5NLR: Э ФТ63/4-Н726
316 _aЭкз. РНБ на шифре Э ФТ63/3-Н726, Э217913: 19,4х26,4 см. На оборот. стороне фотографии рукоп. запись чернилами: "Юбилей тысячелетия Великого Новгорода. Купил 26-ого мая 1878 г. в Новгороде во время путешествия моего с паст. Генр. Лансдель и молод. г-м Стон" (упоминается английский миссионер пастор Henry Lansdell). На паспарту 23,3х31,1 см. На оборот. стороне паспарту рукоп. записи карандашом: "Празднества, торжества", "Новгород", "Юбилей тысячелетия Великого Новгорода", "№ 6592"; штамп: "КНП Музей города" (использовался петроградским Музеем города в 1918-1920 гг., КНП - Комиссариат народного просвещения)
_5NLR: Э ФТ63/3-Н726
325 _aКопия доступна в Электрон. б-ке РНБ
327 0 _aВид на памятник "Тысячелетию России" от здания губернских Присутственных мест в Новгородском кремле, на втором плане церковь Входа Господня в Иерусалим, звонница Софийского собора и Пречистенская арка. Рядом с памятником палатка для августейших особ и свиты, поблизости духовенство, по сторонам площади войска и публика
517 1 _aLa сeremoniè à Novgorod l'année 1862 le 8 Septembre
_zfre
540 1 _aЦеремония в Новгороде в 1862 году, 8 сентября
606 1 _aФотография художественная русская
_z19 в.
_2nlr_sh2
_3RU\NLR\AUTH\661550974
607 _aНовгород, город
_jФотографии
_2nlr_sh1
_2nlr_sh2
_3RU\NLR\AUTH\66765806
607 _a"Тысячелетию России", памятник (Великий Новгород, город)
_jФотографии
_2nlr_sh2
_3RU\NLR\AUTH\6601548588
610 1 _aВидовые фотографии
610 1 _aДокументальные фотографии
617 _f18620908
617 _aРоссия
_cНовгородская губерния
_cНовгородский уезд
_dНовгород, город
_eКремль
_eПамятник "Тысячелетию России"
617 _aРоссия
_cНовгородская губерния
_cНовгородский уезд
_dНовгород, город
_eКремль
_eЦерковь Входа Господня в Иерусалим
617 _aРоссия
_cНовгородская губерния
_cНовгородский уезд
_dНовгород, город
_eКремль
_eЗвонница Софийского собора
617 _aРоссия
_cНовгородская губерния
_cНовгородский уезд
_dНовгород, город
_eКремль
_eПречистенская арка
686 0 _aЩ163(2Р=Рус)5
702 1 _aИльмар
_bВ.
_4600
712 0 2 _aМузей города Петрограда
_3RU\NLR\AUTH\880632819
_4390
830 _aТульские епархиальные ведомости. 1862. № 20: https://yandex.ru/archive/catalog/660158aa-d4f8-45eb-b790-288c8b0c1c7d/38 (14.10.2025). АЯ ОЭФ
830 _aВ Новгороде состоялось торжественное открытие памятника «Тысячелетие России»: https://www.prlib.ru/history/619555 (14.10.2025). АЯ ОЭФhttps://www.prlib.ru/history/619555
830 _a"Памятник Тысячелетию России, бронза, гранит Номер в реестре 561410024230556 Адрес Полный адрес Новгородская область, г. Великий Новгород, Кремль, строение 19": https://opendata.mkrf.ru/opendata/7705851331-egrkn/63/453895 (14.10.2025). АЯ ОЭФ
830 _aЦерковь Входа Господня в Иерусалим: https://opendata.mkrf.ru/opendata/7705851331-egrkn/63/453890 (14.10.2025). АЯ ОЭФ
830 _aГЕНРИХЪ ЛАНСДЕЛЛЬ: http://az.lib.ru/j/jadrince_n_m/text_1883_lansdel_oldorfo.shtml (14.10.2025). АЯ ОЭФ
830 _aИльмар: "... до 1886 г. дела вел сам Ильмар, после его смерти - вдова Вера Ивановна Ильмар": https://book.museumart.ru/mok/1m/1m/Spravochnik_Popova_tom_1/html5forpc.html (13.10.2025). АЯ ОЭФ
830 _a"Фотографий в губернии 5, из них: в Новгороде - Ильмара с 1866 г.": Памятная книжка Новгородской губернии на 1876 г. https://vivaldi.nlr.ru/bx000021637/view/?#page=165 (13.10.2025). АЯ ОЭФ
830 _a"Фотографии. В г. Новгороде: Ревельского гражданина Ильмара": Памятная книжка Новгородской губернии на 1883 г. https://vivaldi.nlr.ru/bx000021793/view/?#page=138 ; ... на 1884 г. https://vivaldi.nlr.ru/bx000021792/view/?#page=147 (13.10.2025). АЯ ОЭФ
830 _a"Фотографии. В г. Новгороде: ... вдовы Ревельского гражд. Веры Ив. Ильмар": Памятная книжка Новгородской губернии на 1886 г. https://vivaldi.nlr.ru/bx000003377/view/?#page=337 (13.10.2025). АЯ ОЭФ
830 _aИльмар: https://rosphoto.org/wp-content/uploads/2016/07/photography_in_museum_2013.pdf (13.10.2025). АЯ ОЭФ
830 _a"... чернильный штамп темно-розового цвета, представляющий собой две перекрещенные по диагонали линии, между которыми помещены следующие надписи: «КНП» вверху, «МУ» слева, «ЗЕЙ» справа и «ГОРОДА» внизу. То есть «КНП МУЗЕЙ ГОРОДА». Сочетание букв «КНП» являлось аббревиатурой Комиссариата народного просвещения, или, что более привычно, Народного комиссариата просвещения (Наркомпроса), в ведении которого музей находился с момента своего основания 4 октября 1918 г. и до 1 июля, а фактически — до сентября 1920 г., когда Музей города был передан по акту Совету коммунального хозяйства (Совкомхозу)": https://cyberleninka.ru/article/n/albom-vidov-goroda-tobolska-fotografa-iosifa-savelievicha-shustera-iz-sobraniya-gosudarstvennogo-muzeya-istorii-sankt-peterburga (14.10.2025). АЯ ОЭФ
852 0 0 _aNLR
_bЭ
_jФТ63/4-Н726
_mЭф1499
852 0 0 _aNLR
_bЭ
_jФТ63/3-Н726
_mЭ217913
856 0 _uhttps://vivaldi.nlr.ru/lh700000214/view
856 0 _uhttps://vivaldi.nlr.ru/lh700000215/view
856 1 _uhttps://vivaldi.nlr.ru/lh700000214/cover
856 1 _uhttps://vivaldi.nlr.ru/lh700000215/cover
856 2 _uhttps://vivaldi.nlr.ru/lh700000214/text
856 2 _uhttps://vivaldi.nlr.ru/lh700000215/text
942 _cVISUAL
945 _aРоссийская национальная библиотека
980 _aBV
980 _aNB
981 2 2 _a(22) Материалы по истории России
_b(22) Российский императорский дом
981 1 7 _a(17) Изографические материалы
_b(17) Фотографии